01250nam a2200229 a 450000100090000000800410000901000150005002000260006505000150009110000200010624500860012625000160021226000450022830000210027333700150029433800230030935000100033250000510034250505390039365000440093265000440097619372860180822s2017 ||||||||||||||||| || u a2016039885 a9781119970040 (cloth) aTD 257 Coo aCook, Hadrian F14aThe protection and conservation of water resources. (2nd ed.)cby Hadrian F. Cook a2nd edition aChichester, UK:bJohn Wiley & Sonsc2017 axix, 437p.: ill. aunmediated avolume2rdacarrier a55.16 aIncludes bibliographical references and index. aWater, policy and procedure -- Water resource availability in Britain -- Institutions and legislation for resource management -- The catchment approach : ways and means -- Sustaining bulk supply : consumption and interference -- Sustaining bulk supply : possible solutions -- Water quality background issues -- Environmental issues of water quality and quantity -- Towards solutions : land use and technical fixes -- Framing water policies : emerging governance arrangements -- The USA, Australasia and Europe : lessons to be learned? aWATER-SUPPLY--GREAT BRITAIN--MANAGEMENT aWATER QUALITY MANAGEMENT--GREAT BRITAIN